Lenovo vstupuje do oblasti serverov reportáž: Lenovo, Grove

Bibliographic Details
Main Author: Ďurčík, Miloslav (Author)
Format: Article
Language:Slovak
PhysicalDescription:Obr.
ISSN:1335-4787
Subjects:

MARC

LEADER 00000nab a2200000 a 4500
001 vtls009506130
003 SK-MaSNL
005 20260304151159.0
008 250506c2008 xo |||||||||||000 b|slo
015 |a SNBRB2009/05  |2 snkbucl 
035 |a (uuid)b0ab3c67-32b7-475b-a610-74e2195fb5c6 
035 |a urn:nbn:sk:snk-ab1ft4 
035 |a (urnnbn)urn:nbn:sk:snk:ar-00389e 
038 |a SNKBUCL 
040 |a SNKBUCL  |b slo  |c SNKBUCL  |e AACR2 
041 0 |a slo 
044 |a xo  |c SK 
080 |a 004.383.2:061.5  |2 2001 
100 1 |a Ďurčík, Miloslav  |4 aut  |9 482938 
245 1 0 |a Lenovo vstupuje do oblasti serverov  |b reportáž: Lenovo, Grove  |c Miloslav Ďurčík 
300 |b Obr. 
610 2 7 |a Lenovo  |2 snkbucl  |9 1032713 
650 0 7 |a servery  |2 snkbucl  |9 1857 
655 7 |a reportáže  |2 snkbucl  |9 28856 
773 0 |t Infoware  |g Č. 11 (2008), s. 13  |x 1335-4787 
850 |a Slovenská národná knižnica 
852 |a Slovenská národná knižnica 
954 |a odborná, vedecká literatúra pôvodná (slovenská)  |2 lita 
958 |a article2022 
958 |a OND 
958 |a EUIPO 
999 |c 2941985  |d 2943915